Динамо-стихи (Запись № 10134783)

Подробности
000 -МАРКЕР
контрольное поле 02086nam0a22003731 4500
001 - ИДЕНТИФИКАТОР ЗАПИСИ
контрольное поле RU\NLR\A1SV\109226
005 - ИДЕНТИФИКАТОР ВЕРСИИ
контрольное поле 20251203171251.9
035 ## - ДРУГИЕ СИСТЕМНЫЕ НОМЕРА
Идентификатор записи (NLR Aleph) 009790579
100 ## - ДАННЫЕ ОБЩЕЙ ОБРАБОТКИ
Данные общей обработки 20101221d1918 u y0rusy50 ca
101 0# - ЯЗЫК РЕСУРСА
Язык текста, звукозаписи и т.д. русский
102 ## - СТРАНА ПУБЛИКАЦИИ ИЛИ ПРОИЗВОДСТВА
Страна публикации Российская Федерация
200 1# - ЗАГЛАВИЕ И СВЕДЕНИЯ ОБ ОТВЕТСТВЕННОСТИ
Основное заглавие Динамо-стихи
Первые сведения об ответственности Илья Садофьев
210 ## - ПУБЛИКАЦИЯ, РАСПРОСТРАНЕНИЕ И ДР.
Место издания, распространения и т.д. Пг.
Имя издателя, распространителя и т. д. Пролеткульт
Дата издания, распространения и т.д. 1918
215 ## - ФИЗИЧЕСКАЯ ХАРАКТЕРИСТИКА
Специфическое обозначение материала и объем 69, [2] с.
Размеры 21 см
225 ## - СЕРИЯ
Основное заглавие серии Б-ка Пролеткульта
300 ## - ОБЩИЕ ПРИМЕЧАНИЯ
Текст примечания Загл. сер. на обл.
451 #1 - ДРУГОЕ ИЗДАНИЕ [КАТАЛОГИЗИРУЕМОГО ДОКУМЕНТА] НА АНАЛОГИЧНОМ НОСИТЕЛЕ
Встроенное поле 001RU\NLR\A1SV\109228
Системный номер (АБИС) связанной записи 10134794
Автор Садофьев, И. И. (участник революц. движения, поэт, переводчик ; 1889-1965)
Место публикации Пг.
Дата публикации 1919
Издание 2-е изд.
Первые сведения об ответственности Илья Садофьев
Имя издателя, распространителя и т.д. Пролеткульт
Физическая характеристика 64 с.
Заглавие Динамо-стихи
451 #1 - ДРУГОЕ ИЗДАНИЕ [КАТАЛОГИЗИРУЕМОГО ДОКУМЕНТА] НА АНАЛОГИЧНОМ НОСИТЕЛЕ
Встроенное поле 001RU\NLR\A1SV\109229
Системный номер (АБИС) связанной записи 10134798
Автор Садофьев, И.И. (1889-1965)
Место публикации Пг.
Дата публикации 1919
Издание 3-е изд.
Первые сведения об ответственности Илья Садофьев
Имя издателя, распространителя и т.д. Пролеткульт
Физическая характеристика 64 с.
Заглавие Динамо-стихи
451 #1 - ДРУГОЕ ИЗДАНИЕ [КАТАЛОГИЗИРУЕМОГО ДОКУМЕНТА] НА АНАЛОГИЧНОМ НОСИТЕЛЕ
Встроенное поле 001RU\NLR\A1SV\109230
Системный номер (АБИС) связанной записи 10134802
Автор Садофьев, И.И. (1889-1965)
Место публикации Пг.
Дата публикации 1919
Издание 4-е изд.
Первые сведения об ответственности Илья Садофьев
Имя издателя, распространителя и т.д. Пролеткульт
Физическая характеристика 64 с.
Заглавие Динамо-стихи
451 #1 - ДРУГОЕ ИЗДАНИЕ [КАТАЛОГИЗИРУЕМОГО ДОКУМЕНТА] НА АНАЛОГИЧНОМ НОСИТЕЛЕ
Встроенное поле 001RU\NLR\A1SV\109231
Системный номер (АБИС) связанной записи 10134806
Автор Садофьев, И.И. (1889-1965)
Место публикации Пг.
Дата публикации 1919
Издание 5-е изд.
Первые сведения об ответственности Илья Садофьев
Имя издателя, распространителя и т.д. Пролеткульт
Физическая характеристика 64 с.
Заглавие Динамо-стихи
451 #1 - ДРУГОЕ ИЗДАНИЕ [КАТАЛОГИЗИРУЕМОГО ДОКУМЕНТА] НА АНАЛОГИЧНОМ НОСИТЕЛЕ
Встроенное поле 001RU\NLR\A1SV\109232
Системный номер (АБИС) связанной записи 10134810
Автор Садофьев, И.И. (1889-1965)
Место публикации Пг.
Дата публикации 1919
Издание 6-е изд.
Первые сведения об ответственности Илья Садофьев
Имя издателя, распространителя и т.д. Пролеткульт
Физическая характеристика 64 с.
Заглавие Динамо-стихи
620 ## - МЕСТО И ДАТА ПУБЛИКАЦИИ, ИСПОЛНЕНИЯ И Т. Д.
Город Санкт-Петербург
700 #1 - ИМЯ ЛИЦА - ПЕРВИЧНАЯ ОТВЕТСТВЕННОСТЬ
Графика поля Кириллица
Материалы, к которым относится поле rus
Начальный элемент ввода Садофьев
Часть имени, кроме начального элемента ввода И. И.
Дополнения к именам, кроме дат участник революц. движения, поэт, переводчик
Даты 1889-1965
Расширение инициалов личного имени Илья Иванович
Системный номер авторитетной/нормативной записи 176938
Идентификатор авторитетной/нормативной записи RU\NLR\AUTH\770176989
801 #0 - ИСТОЧНИК ЗАПИСИ
Страна Российская Федерация
Организация NLR
Дата составления 20101221
852 ## - МЕСТОНАХОЖДЕНИЕ И ШИФР ХРАНЕНИЯ
Идентификатор организации NLR
Шифр хранения (Call Number) 37.60.5.192
852 ## - МЕСТОНАХОЖДЕНИЕ И ШИФР ХРАНЕНИЯ
Идентификатор организации NLR
Шифр хранения (Call Number) 37.60.5.192а
899 ## - ДАННЫЕ О МЕСТОНАХОЖДЕНИИ (устаревшее)
Местонахождение РГБ
899 ## - ДАННЫЕ О МЕСТОНАХОЖДЕНИИ (устаревшее)
Местонахождение СамОУНБ
899 ## - ДАННЫЕ О МЕСТОНАХОЖДЕНИИ (устаревшее)
Местонахождение ГИМ
942 ## - ДОПОЛНИТЕЛЬНЫЕ ЭЛЕМЕНТЫ ЗАПИСИ (АБИС)
Тип экземпляра АБИС Книга
980 ## - КОЛЛЕКЦИЯ
Название коллекции Национальная библиография
980 ## - КОЛЛЕКЦИЯ
Название коллекции Международный сводный каталог русской книги (1918-1926)
Экземпляры
Тип экземпляра Дата поступления Библиотека постоянного хранения Библиотека текущего хранения Место хранения Шифр хранения Штрих-код Статус экземпляра
Книга 13.05.2016 РНБ (Садовая) РНБ (Садовая) Русский книжный фонд -Главное здание, Ленинский читальный зал 37.60.5.192 1-3989833  
Книга 13.05.2016 РНБ (Садовая) РНБ (Садовая) Русский книжный фонд -Главное здание, Ленинский читальный зал 37.60.5.192а 9790579-20